000
00239 a2200097 4500
001
13897
100
_a
Mattniessen P
245
_a
Far Tortugo At Play in the Field of the Lord
260
_a
New York
_b
Random House
_c
090
_c
10865
_d
10865
942
_a
NUST-CAE
_c
M
_c
964
999
_c
248970
_d
248970